LEADER 02865nam 2200577 450 001 9910809666603321 005 20200520144314.0 010 $a1-61149-488-5 035 $a(CKB)2550000001266087 035 $a(EBL)1672949 035 $a(SSID)ssj0001181432 035 $a(PQKBManifestationID)12493854 035 $a(PQKBTitleCode)TC0001181432 035 $a(PQKBWorkID)11143049 035 $a(PQKB)10491760 035 $a(MiAaPQ)EBC1672949 035 $a(Au-PeEL)EBL1672949 035 $a(CaPaEBR)ebr10860114 035 $a(CaONFJC)MIL589751 035 $a(OCoLC)877770079 035 $a(EXLCZ)992550000001266087 100 $a20131206h20142014 uy| 0 101 0 $aeng 135 $aur|n|---||||| 181 $ctxt 182 $cc 183 $acr 200 10$aGeneral Henry Lockwood of Delaware $eshipmate of Melville, co-builder of the Naval Academy, Civil War commander /$fColonel Lloyd J. Matthews 210 1$aNewark :$cUniversity of Delaware Press,$d[2014] 210 4$d©2014 215 $a1 online resource (495 p.) 300 $aDescription based upon print version of record. 311 $a1-61149-487-7 311 $a1-306-58500-7 320 $aIncludes bibliographical references and index. 327 $aBay Colony to Delmarva -- Henry Lockwood's early years -- The Florida War ordeal -- Life aboard a man-of-war -- The Asylum Naval School as precursor to the Naval Academy -- Building the Naval School at Fort Severn -- The Delmarva Pacification Campaign: an untold story -- Gettysburg: to preserve a nation -- Higher commands, rejoining the Army of the Potomac, and on toward Richmond -- Cold Harbor: the darkest day -- Final years of service and retirement -- The older brother: Navy Surgeon John Lockwood and the early years -- Surgeon Lockwood: the later assignments and a new life. 330 $aBased on a treasure trove of newly discovered information, General Henry Lockwood of Delaware: Shipmate of Melville, Co-builder of the Naval Academy, Civil War Commander offers the first comparative study of Lockwood's seminal influence on the emergence of the U.S. Naval Academy. Colonel Matthews shines new light on the Civil War commander, with a description of Lockwood's duties during the Seminole Indian War, an analysis of Melville's depiction of Professor Lockwood, a critical discussion of Alfred Thayer Mahan's depiction of 606 $aGenerals$zUnited States$vBiography 607 $aUnited States$xHistory$yCivil War, 1861-1865$vBiography 607 $aKent County (Del.)$vBiography 615 0$aGenerals 676 $a355.0092 676 $aB 700 $aMatthews$b Lloyd J.$01202831 801 0$bMiAaPQ 801 1$bMiAaPQ 801 2$bMiAaPQ 906 $aBOOK 912 $a9910809666603321 996 $aGeneral Henry Lockwood of Delaware$94116951 997 $aUNINA LEADER 03546oam 2200853 n 450 001 9910495713403321 005 20231013234944.0 010 $a2-37747-200-1 024 7 $a10.4000/books.ugaeditions.12292 035 $a(CKB)4100000011314402 035 $a(FrMaCLE)OB-ugaeditions-12292 035 $a(PPN)24849984X 035 $a(oapen)doab113706 035 $a(EXLCZ)994100000011314402 100 $a20200625d2020|||| ||| 0 101 0 $afre 135 $aur||||||m|||| 181 $ctxt$2rdacontent 182 $cc$2rdamedia 183 $acr$2rdacarrier 200 00$aGenre et orientalisme$eRécits de voyage au féminin en langue française (XIXe-XXe siècles)$fNatascha Ueckmann 210 $aGrenoble$cUGA Éditions$d2020 215 $a1 online resource (444 p.) 225 1 $aVers l'Orient 311 08$a2-37747-160-9 330 $aCe livre présente les récits de nombreuses voyageuses d?expression française en Orient aux XIXe et XXe siècles, certaines bien connues du public, d?autres totalement oubliées. Leurs récits sont examinés à travers deux paradigmes principaux, celui du désert (espace ouvert) et celui du harem (espace fermé), le premier semblant peu à peu remplacer le second. Natascha Ueckmann met en lumière les particularités du regard féminin sur l?Orient et observe les attitudes des voyageuses d?un point de vue résolument féministe. Le féminisme est ici utilisé comme instrument d?analyse littéraire, mais sans aucune forme de complaisance à l?égard des préjugés des voyageuses et de leur attitude parfois coloniale à l?égard des Orientaux et des Orientales. Sans nier le désir d?autonomie et de découverte de l?altérité des voyageuses, Natascha Ueckmann dessine ainsi les contours d?un orientalisme au féminin qu?elle examine avec les instruments des études de genre et des études postcoloniales. Elle cherche à mettre en évidence la façon dont les femmes européennes s?inventent elles-mêmes en se situant dans un champ de tension entre désir de découverte de l?ailleurs et volonté de confirmer leurs idées préconçues. Un ouvrage résolument actuel sur les questions de féminisme et sur la notion d?orientalisme. 606 $aHistory 606 $aLiterature 606 $aEthnic Studies 606 $aWomen's Studies 606 $aaltérité 606 $acolonialisme 606 $adésert 606 $aféminisme 606 $aexplorateur 606 $agenre 606 $avoyage en Orient 606 $avoyageuse 606 $aharem 606 $aIslam 606 $aorientalisme 610 $aaltérité 610 $acolonialisme 610 $adésert 610 $aexplorateur 610 $aféminisme 610 $agenre 610 $aharem 610 $aIslam 610 $aorientalisme 610 $avoyage en Orient 610 $avoyageuse 615 4$aHistory 615 4$aLiterature 615 4$aEthnic Studies 615 4$aWomen's Studies 615 4$aaltérité 615 4$acolonialisme 615 4$adésert 615 4$aféminisme 615 4$aexplorateur 615 4$agenre 615 4$avoyage en Orient 615 4$avoyageuse 615 4$aharem 615 4$aIslam 615 4$aorientalisme 700 $aUeckmann$b Natascha$01430584 701 $aAntonowicz$b Kaja$01430585 801 0$bFR-FrMaCLE 906 $aBOOK 912 $a9910495713403321 996 $aGenre et orientalisme$93570352 997 $aUNINA